000 00452 a2200181 4500
260 _bJ.J.Augustin Publisher
300 _aXXI-255 P.:couv
100 _aHERSKOVITS,J.
260 _aNew-York
650 _aSOCIOLOGIE
650 _aBENIN
440 _aDahomey: an ancient west african Kingdom Volume1
260 _c1938
300 _b.ill.,ill.
130 _len
999 _c23733
_d23733